zpět

Detail výsledku týmu

Jakoby Kavárna, Ostrov

Datum a čas kvízu

31 Celkem bodů Celkový počet nahraných bodů na tomto kvízu bez doplňovacích otázek.
5. Pořadí na kvízu Konečné umístění týmu na tomto kvízu.

Zaznamenané odpovědi

# Otázka Odpověď Body Výsledky
1. V sobotu začal na pražském Výs... Matějská pouť 1
2. V Německu se v neděli konaly p... CDU/CSU, Friedrich Merz 1
3. Minulý týden jsme se dozvěděli... Post Malone 0
4. Vedení sítě provozoven jistého... KFC 1
5. V české fotbalové reprezentaci... Buffon 1
6. Nyní se od aktualit přesuneme... 1D 2B 3C 4A 0
7. Uveďte odborný název pro skupi... ichtyosauři 1
8. Většina fosilií dinosaurů byla... Burianosaurus augustai 0
9. Americký spisovatel a scenáris... Michael Crichton 0
10. Na fotce vidíme mumii a rekons... Ötzi 1